002990000a2200085000450024501030000004100140010370000280011710000290014577300390017410aCaracterización palinológica de la familia Celastraceae para Colombia - aproximación inicial0 aEspañol1 aSánchez, Luis Roberto1 aBogotá A., R. Giovanni1 tCaldasia345h1q269-280d2001g23